Principy halal turismu v příjezdovém cestovním ruchu České republiky se zaměřením na rusky mluvící klienty

Halal turizmus - jeden z najnovších trendov cestovného ruchu. Halal turizmus a jeho základné princípy ovplyvňujúce služby cestovného ruchu.

Gespeichert in:
Bibliographische Detailangaben
1. Verfasser: Klímová, Monika
Format: Buchkapitel
Sprache:Tschechisch
Schlagworte:
Tags: Tag hinzufügen
Keine Tags, Fügen Sie das erste Tag hinzu!

MARC

LEADER 00000nla a2200000 4500
001 0193494
005 20240417075050.4
041 0 |a cze 
044 |a CZ 
245 1 0 |a Principy halal turismu v příjezdovém cestovním ruchu České republiky se zaměřením na rusky mluvící klienty  |c Monika Klímová 
520 |a Halal turizmus - jeden z najnovších trendov cestovného ruchu. Halal turizmus a jeho základné princípy ovplyvňujúce služby cestovného ruchu. 
610 2 0 |a ruch cestovný 
610 2 0 |a náboženstvo 
610 2 0 |a islam 
610 2 0 |a Azerbajdžan 
610 2 0 |a Kazachstan 
610 2 0 |a Uzbekistan 
100 1 |a Klímová, Monika